000 00929cab a2200229 4500
001 X128397
008 041222n2004 000 0 eng u
035 _a(Sirsi) u128397
100 _aPratley, N.
245 _aCadbury's sweet reward
260 _c2004
490 _aManagement Today
_vDecember 2004, 38-49(9)
520 _aExamines the MT Most Admired Companies poll. Notes how Tesco has slipped down the table from first position a year ago to fourth position this year. The number one position is now held by Cadbury Schweppes with Tesco's more behind in the Community and Environmental Responsibility rating. With a general league table of 220 companies and a sector by sector analysis.
590 _aABS
650 _aTESCO
650 _aCADBURYS
650 _aENVIRONMENTAL STANDARDS
650 _aCOMPANY PERFORMANCE
650 _aCOMPANY POLICY
690 _aMANAGEMENT-BUSINESS MANAGEMENT
942 _n0
999 _c74694
_d74694